LEADER 01231nam a2200313 a 4500 001 000000151928 003 CaOOAMICUS 005 20160520115521.0 008 160520s2016 it u000 u ita r 020 $z978-8869444791* 032 $aLibriCat 040 $aPUL$bita 082 14$a261.5 100 1 $aEnriques, Federigo,$d1871-1946.$0(OLS)http://pul/name/22659 245 12$aL'anima religiosa della scienza /$cFederigo Enriquez ; introduzione di Mario Castellana. 260 $aRoma :$bCastelvecchi,$cİ2016. 300 $a58 p. ;$c18 cm. 490 1 $aEtcetera 650 4$aReligione e scienza.$0(OLS)http://pul/subject/147 700 1 $aCastellana, Mario.$0(OLS)http://pul/name/96670 830 0$aEtcetera.$0(OLS)http://pul/title/166559 850 $aPUL 852 $aPUL$W1$xSL Religione 3$y85$m261. 5 ENRFE 1$j174599$qDDC 21$B177155$CPULBib$Z2$F177155 $H127741 $81 941 1 $a9 996 $6020$z978-8869444791*$9(OLS)http://pul/number/160401 996 $6082$a261.5$9(OLS)http://pul/classification/417 996 $6245$aL'anima religiosa della scienza$9(OLS)http://pul/title/191243 996 $6260$aRoma :$bCastelvecchi$9(OLS)http://pul/publisher/80087 LEADER 01413nam a2200301 a 4500 001 000000172191 003 CaOOAMICUS 005 20190701112558.0 008 190701s2019 it u000 u ita r 020 $z978-88-921-2044-0* 032 $aLibriCat 040 $aPUL$bita$d 100 1 $aSartea, Claudio,$d1972-$0(OLS)http://pul/name/85741 245 10$aBioetica e biogiuridica : $bitinerari, incontri e scontri / $cClaudio Sartea; prefazione di Francesco D'Agostino. 260 $aTorino :$bGiappichelli,$cc2019. 300 $aXV, 191 p. ;$c24 cm 490 1 $aRecta Ratio : testi e studi di filosofia del diritto.$aSettima serie ;$v132 504 $aBibliografia in nota. 650 4$aBioetica e diritto.$0(OLS)http://pul/subject/44486 700 1 $aD'Agostino, Francesco,$d1946-$0(OLS)http://pul/name/10086 830 0$aRecta Ratio : testi e studi di filosofia del diritto.$nSettima serie ;$v132.$0(OLS)http://pul/title/213096 850 $aPUL 852 $aPUL$W1$xSL Diritto e Scienze Sociali 3$y79$m340. 01 COLL 1.132$j196128$qDDC 21$B200880$CPULBib$Z2$F200880 $H133042 $82 941 1 $a9 996 $6020$z978-88-921-2044-0*$9(OLS)http://pul/number/166319 996 $6245$aBioetica e biogiuridica : $bitinerari, incontri e scontri / $9(OLS)http://pul/title/213098 996 $6260$aTorino :$bGiappichelli$9(OLS)http://pul/publisher/48244